Hertha BSC Startelf seit 2010 - Statistiken

Allgemein
  • Dieses Quiz wurde 111 mal gespielt
  • Das Durchschnittsergebnis liegt bei 74 aus 110
Antwortstatistiken
Position Nation Spieler % Korrekt
TW Norwegen Rune Jarstein
94%
ZOM Brasilien Ronny
90%
LM | RM | ST Elfenbeinküste Salomon Kalou
90%
ST Bosnien und Herzegowina Vedad Ibisevic
90%
IV USA John Anthony Brooks
87%
RV Slowakei Peter Pekarik
87%
TW Deutschland Thomas Kraft
86%
LV Deutschland Marvin Plattenhardt
84%
ZOM Brasilien Raffael
84%
IV | ZDM Schweiz Fabian Lustenberger
83%
LM | ST Kolumbien Adrian Ramos
81%
ST Belgien Dodi Lukebakio
81%
RM Australien Mathew Leckie
81%
ZOM Slowakei Ondrej Duda
81%
ZDM | ZM Norwegen Per Skjelbred
78%
LV Georgien Levan Kobiashvili
77%
ZM | ZOM Tschechien Vladimir Darida
75%
IV | ZDM Deutschland Niklas Stark
70%
IV Belgien Dedryck Boyata
68%
LM | RM Japan Genki Haraguchi
68%
LM Deutschland Maximilian Mittelstädt
66%
LM Tunesien Änis Ben-Hatira
62%
RV Deutschland Mitchell Weiser
62%
RV | ZOM Österreich Valentino Lazaro
62%
ZDM Japan Hajime Hosogai
58%
ZOM Schweiz Valentin Stocker
57%
IV Niederlande Karim Rekik
55%
IV Tschechien Roman Hubnik
55%
ZM Türkei Tolga Cigerci
55%
ST Deutschland Pierre-Michel Lasogga
53%
RM Tunesien Sami Allagui
52%
ZM Serbien Marko Grujic
51%
RM Niederlande Javairo Dilrosun
48%
IV Deutschland Sebastian Langkamp
44%
IV Deutschland Sebatian Langkamp
44%
ST Deutschland Davie Selke
43%
RV Deutschland Christian Lell
42%
RM Deutschland Patrick Ebert
42%
LM | LV Deutschland Nico Schulz
39%
ZDM Deutschland Arne Maier
36%
RM Niederlande Roy Beerens
36%
IV Kroatien Andre Mijatovic
35%
TW Niederlande Maikel Aerts
35%
ZDM Deutschland Andreas Ottl
32%
ZDM Deutschland Peter Niemeyer
32%
ZDM Deutschland Peer Kluge
29%
LV Deutschland Johannes van den Bergh
27%
RV Deutschland Lukas Klünter
25%
LV Deutschland Fabian Holland
23%
RM Australien Nikita Rukavytsya
21%
RV Deutschland Marcel Ndjeng
17%
Keine übereinstimmenden Quizze gefunden
Verteilung der Resultate
Anzahl Personen mit jedem Resultat
Perzentil nach korrekt beantworteten Fragen
Ihre Resultats-Entwicklung
Sie haben dieses Quiz noch nicht gespielt